| 000 | 00516nam a2200217Ia 4500 | ||
|---|---|---|---|
| 003 | OSt | ||
| 005 | 20140314142450.0 | ||
| 008 | 140130s9999 xx 000 0 und d | ||
| 020 | _a9780590460095 | ||
| 050 |
_aPZ 7 _b.H67562Am 1993 |
||
| 100 | _aHoffman, Mary | ||
| 245 |
_aAmazing grace / _cMary Hoffman. |
||
| 260 |
_bScholastic, _c1993. _aNew York : |
||
| 300 |
_a30 p. : _bcol. ill. ; _c28 cm. |
||
| 440 | _v1 | ||
| 521 | _aG4 | ||
| 526 | _c680 | ||
| 942 |
_cBK _2lcc |
||
| 999 |
_c40944 _d40944 |
||